000 00674nam a22001817a 4500
005 20251108165833.0
008 250721s1983 xx 000 0 ara d
082 1 4 _aم/615.89/سمر
100 1 _aالسمرقندي، بدر الدين محمد بن بهرام القرنسي
245 1 0 _aأفرباذين القلانسي /
264 1 _aحلب :
_bجامعة حلب - معهد التراث العلمي العربي،
_c1983.
300 _a341ص
490 0 _aمصادر ودراسات في تاريخ الطب العربي ؛ 3
650 1 7 _aالطب الشعبي
700 1 _aالبابا، محمد زهير
_eتحقيق
942 _2ddc
_cREF
999 _c32563
_d32563